| 000 | 00716nam a2200229Ii 4500 | ||
|---|---|---|---|
| 003 | JO-AjNU | ||
| 008 | 230605s9999||||xx |||||||||||||| ||und|| | ||
| 017 | _a2003/20215 | ||
| 020 | _a977-01-8949-9 | ||
| 040 |
_aJO-AjNU _bara _erda _cJO-AjNU |
||
| 041 | _aara | ||
| 050 | 1 | 4 | _aLB1051 2003 |
| 100 | 3 |
_aخشبة،سامي, _eauthor _920827 |
|
| 245 | 0 | 0 | _aتجديد الثقافة..! |
| 264 | 3 | 1 | _aالقاهرة:مكتبة الأسرة،2003 |
| 300 | _a309ص | ||
| 336 |
_atext _btxt _2rdacontent |
||
| 337 |
_aunmediated _bn _2rdamedia |
||
| 338 |
_avolume _bnc _2rdacarrier |
||
| 490 | 0 | _aسلسلة الأعمال الفكرية | |
| 650 | 4 |
_aثقافة. التربية والتعليم-فلسفة. _920828 |
|
| 999 |
_aA7132 _c10700 _d10700 |
||